Wirkt die Tragödie auf das Gemüt oder den Verstand oder die Moralität der Zuschauer? (Record no. 78424)

MARC details
000 -LEADER
campo de control de longitud fija 00773nam a2200205 i 4500
001 - NÚMERO DE CONTROL
campo de control 78424
003 - IDENTIFICADOR DE NÚMERO DE CONTROL
campo de control ES-MaACL
005 - FECHA Y HORA DE LA ÚLTIMA TRANSACCIÓN
campo de control 20250210063110.0
007 - CAMPO FIJO DE DESCRIPCIÓN FÍSICA--INFORMACIÓN GENERAL
campo de control de longitud fija t|
008 - DATOS DE LONGITUD FIJA--INFORMACIÓN GENERAL
campo de control de longitud fija 041014s1915 gw ||||1| ger d
100 1# - ENTRADA PRINCIPAL--NOMBRE DE PERSONA
Nombre de persona Haupt, Stephan Odon.
9 (RLIN) 62097
245 10 - MENCIÓN DEL TÍTULO
Título Wirkt die Tragödie auf das Gemüt oder den Verstand oder die Moralität der Zuschauer?
Resto del título : oder Der aus dem Schriften des Aristoteles erbrachte wissenschaftliche Beweis für die intellektualistische Bedeuntung von "Katharsis" /
Mención de responsabilidad, etc. von Stephan Odon Kaupt.
260 ## - PUBLICACIÓN, DISTRIBUCIÓN, ETC.
Lugar de publicación, distribución, etc. Berlin :
Nombre del editor, distribuidor, etc. [s.n.,
Fecha de publicación, distribución, etc. 1915]
300 ## - DESCRIPCIÓN FÍSICA
Extensión v.
490 1# - MENCIÓN DE SERIE
Mención de serie Bibliothek für philosophie ;
Designación de volumen o secuencia 12
830 0# - PUNTO DE ACCESO ADICIONAL DE SERIE-TÍTULO UNIFORME
Título uniforme Bibliothek für philosophie ;
Designación de volumen o secuencia 12
9 (RLIN) 182914
852 ## - LOCALIZACIÓN
Ubicación ES-MaACL
Número de control de estantería T-1454-F-8
942 ## - ELEMENTOS DE ENTRADA SECUNDARIOS (KOHA)
Fuente del sistema de clasificación o colocación Clasificación decimal universal
Holdings
Estatus retirado Estado de pérdida Estado de daño No para préstamo Colección Biblioteca de origen Biblioteca actual Ubicación en estantería Fecha de adquisición Fuente de adquisición Total de préstamos Signatura topográfica completa Código de barras Visto por última vez Precio de reemplazo Tipo de ítem Koha
        Colección de folletos Biblioteca del Ateneo de Madrid Biblioteca del Ateneo de Madrid Depósito folletos 17/01/2008     T-1454-F-8 1082032 23/02/2023 23/02/2023 Folleto